000 00417nam a2200181Ia 4500
001 15975
005 20260306170235.0
008 260306t2006||||xx |||||||||||||| ||und||
041 _aESP
082 _a346.52
_bA56
100 _aAlpa, Guido
_eAUT
245 0 _aNuevo tratado de la responsabilidad civil
260 _c2006
300 _a
_c23 cm.
650 _aGEN
654 _aCDE
942 _cLIB
_dJUS
_fJUS
_2ddc
_n
999 _c15975
_d15975